000
00314nam a22001217a 4500
008
170620b xxu||||| |||| 00| 0 eng d
041
_a
eng
080
_a
324
100
_a
20
101
_a
SHP
245
_a
THE IMPACT OF NEGRO VOTING: THE ROLE OF THE VOTE IN THE QUEST FOR EQUALITY
_c
KEECH, W.R
942
_2
udc
_c
BK
999
_c
18285
_d
18285